000 00527cam a22001811 4500
001 6129579
005 20251129170327.0
008 730221s1966 njua b 000 0 eng
050 0 0 _aTA405
_b.O37 1966
082 _a620.112
100 1 _aOlsen, Gerner A.
245 1 0 _aElements of mechanics of materials
_c[by] Gerner A. Olsen.
250 _a2d ed.
260 _aEnglewood Cliffs., N.J.,
_bPrentice-Hall
_c[1966]
300 _axxii, 591 p.
_billus.
_c24 cm.
650 0 _aStrength of materials.
942 _2lcc
_cBK
_e2nd ed.
_n0
999 _c8470
_d8470